000 02981nam0a2200505 4500
001 RU\NLR\bibl\215742
005 20260408195501.0
010 _a5-7038-1767-6
_93000
021 _aRU
_b2001-35192
_91672
035 _a(NLR Aleph) 000211871
090 _a1229941
_c1229941
100 _a20011129d2001 u y0rusy50 ca
101 0 _arus
102 _aRU
105 _aa |||||||||
200 1 _aКратные и криволинейные интегралы
_aЭлементы теории поля
_eУчеб. для высш. техн. учеб. заведений
_fВ. Р. Гаврилов, Е. Е. Иванова, В. Д. Морозова
_gПод ред. В. С. Зарубина, А. П. Крищенко
210 _aМ.
_cИзд-во МГТУ
_d2001
215 _a491 с.
_cил.
_d20
225 1 _aМатематика в техническом университете
_vВып. 7
320 _aБиблиогр.: с. 481-483
320 _aПредм. указ.: с. 484-488
606 0 _aКратные интегралы
_jРуководства, пособия и т.п. для высшей школы
_9913969
_3RU\NLR\auth\66334155
606 0 _aКратные интегралы
_jУчебные издания для высших учебных заведений
_9913969
_3RU\NLR\auth\66334155
606 0 _aКриволинейные интегралы
_jРуководства, пособия и т.п. для высшей школы
_91180373
_3RU\NLR\auth\66474921
606 0 _aКриволинейные интегралы
_jУчебные издания для высших учебных заведений
_91180373
_3RU\NLR\auth\66474921
606 _aПоля (мат.)
_xТеория
_jРуководства, пособия и т.п. для высшей школы
_3RU\NLR\auth\661396828
_92336398
606 _aПоля (мат.)
_xТеория
_jУчебные издания для высших учебных заведений
_3RU\NLR\auth\661396828
_92336398
610 0 _aИнтегралы кратные
610 0 _aИнтегралы криволинейные
610 0 _aПоле (мат.), теория
675 _a517.3(075.8)
_v3
_zrus
686 _a27.23
_2rugasnti
686 _a22.161я73
_2rubbk
686 _aВ161.22я73-1
686 _aВ152.4я73-1
700 1 _4070
_8rus
_7ca
_aГаврилов
_bВ. Р.
_cканд. физ.-мат. наук
_gВалерий Рудольфович
_3RU\NLR\auth\7733731
_916738
701 1 _4070
_7ca
_8rus
_aИванова
_bЕ. Е.
_cматематик, диф. исчисление
_gЕлена Евгеньевна
_3RU\NLR\auth\777207
_9117146
701 1 _4070
_8rus
_7ca
_aМорозова
_bВ. Д.
_cматематик
_gВалентина Дмитриевна
_3RU\NLR\auth\774839
_9114814
801 0 _aRU
_bRKP
_c20011129
_gPSBO
801 1 _aRU
_bRKP
_c20011129
801 2 _aRU
_bNLR
_c20060202
_grcr
830 _aАвт. по кн.
942 _cBOOK
980 _aNB